Responses for Show #2983 - Wednesday, July 16, 1997

Contestants

[<< previous game]

Kim Haase, a technical writer from Arlington, Massachusetts

Patrick Friel, a teaching assistant originally from Philadelphia, Pennsylvania

Penny Willis, an editor from Flushing, New York (whose 1-day cash winnings total $13,100)

[next game >>]

Jeopardy! Round responses

MYTHOLOGY
WEIGHTS & MEASURES
GEOGRAPHY
SPORTS
NEWSPAPERS & MAGAZINES
ON PINS & NEEDLES
    $100 1
China

Penny
    $100 21
Carat

Penny
    $100 6
Equator

Kim
    $100 24
Golf

Penny
    $100 11
Rhode Island

Penny
    $100 16
Compass

Patrick
    $200 2
Odin/Wotan

Kim
    $200 22
1 P.M.

Penny
    $200 7
Asia

Patrick
    $200 25
Los Angeles Dodgers

Penny
    $400 12
The New Yorker

Penny
    $200 17
Safety pin

Kim
    $300 3
Aztecs

Patrick
    $300 23
(Penny: What is an ell?)

Bolt

PennyPatrick
    $300 8
Canada

Triple Stumper
    $300 26
Atlanta Hawks

Patrick
    $300 13
Le Figaro

Kim
    $300 18
Rolling pin

Kim
    $400 4
Osiris

Kim
    $400 29
20

Penny
    $400 9
Australia

Kim
    $400 28
(Note: As of the taping & air dates of this show, so the Steelers' 5th win in 2006 came much later.)

Dallas Cowboys & San Francisco 49ers

Patrick
    $400 14
Soap Opera Digest

Kim
    $400 19
Cleopatra's Needle

Kim
    $500 5
Sirens

Penny
    $500 30
32

Patrick
    $500 10
Honduras

Triple Stumper
    $500 27
Softball

Penny
    $500 15
Izvestia

Penny
    $500 20
Shakers

Kim

Scores at the first commercial break (after clue 14):

Penny Patrick Kim
$1,100 $500 $1,800

Scores at the end of the Jeopardy! Round:

Penny Patrick Kim
$2,800 $2,100 $3,200

Double Jeopardy! Round responses

RECENT HISTORY
SINGERS WHO ACT
ZOOLOGY
DINING OUT IN EUROPE
NONFICTION
STARTS WITH "HO"
    $200 19
Iran

Kim
    $200 1
Abraham Lincoln

Patrick
    $200 25
(we have about a minute left....)

Nest

Penny
    $200 29
Moscow

Kim
    $200 6
Pencil

Patrick
    $200 12
Hone

Kim
    $400 20
AIDS

Kim
    $400 2
"Fiddler On The Roof"

Penny
    $400 26
Catfish

Kim
    $400 30
Wales

Kim
    $400 7
"How To"

Kim
    $400 13
Holy Family

Patrick
    $600 21
Challenger

Kim
    $600 3
"All About Eve"

Penny
    $600 16
Marsupials

Penny
    $600 24
Salzburg

Patrick
    $600 8
Bed & Breakfast

Kim
    $600 11
Holistic

Kim
    $800 22
Kim Jong-il

Patrick
    $800 4
Reba McEntire

Triple Stumper
    $800 17
(Penny: What are giraffes?)
(Alex: Kind of an interesting concept - a 4 1/2 foot tall giraffe!)

Rhinoceros

Penny
Triple Stumper
    $800 27
Amsterdam

Kim
    $1,000 9
(Alex: Have you read the book? Not yet? OK!)

Robert Bork

Kim
    $800 14
(K: What is peppermint?)

Horehound

PennyKim
    $1000 23
Chiapas

Patrick
    $1000 5
Harry Connick, Jr.

Patrick
    $1000 18
South America

Patrick
    $1000 28
Riga

Patrick
    $1000 10
"Hiroshima"

Patrick
    $700 15
(Penny: Hope & Little Rock?)
(Alex: You forgot to phrase it in the form of a question, which would have penalized you anyway.)

Hope & Hot Springs

Penny

Scores at the end of the Double Jeopardy! Round:

Penny Patrick Kim
$3,900 $9,300 $8,200

[wagering suggestions for these scores]

Final Jeopardy! Round responses

STATE CAPITALS
(Alex: Queen Anne was the last of the Stuart monarchs.)
PennyWhat is (Charl)
$3,900
KimWhat is Annapolis?
$4,299
PatrickWhat is Annapolis?
$7,101
Annapolis, Maryland

Final scores:

Penny Patrick Kim
$0 $16,401 $12,499
3rd place: Wittnauer Montego Watches New champion: $16,401 2nd place: Trip to Friends International Resort, Jamaica

Game dynamics:

Coryat scores:

Penny Patrick Kim
$4,400 $9,300 $8,000
16 R
(including 1 DD),
3 W
(including 1 DD)
17 R,
0 W
22 R
(including 1 DD),
1 W

Combined Coryat: $21,700

[game clues] [game scores] [suggest correction]

Game tape date: 1997-02-24
The J! Archive is created by fans, for fans. Scraping, republication, monetization, and malicious use prohibited; this site may use cookies and collect identifying information. See terms. The Jeopardy! game show and all elements thereof, including but not limited to copyright and trademark thereto, are the property of Jeopardy Productions, Inc. and are protected under law. This website is not affiliated with, sponsored by, or operated by Jeopardy Productions, Inc. Join the discussion at JBoard.tv.